ՀՀ Գիտությունների ազգային ակադեմիայի հիմնարար գիտական գրադարան  =   Fundamental Scientific Library of NAS RA

Հումանիտար գիտությունների արդի հիմնախնդիրները : (Record no. 526647)

MARC details
000 -LEADER
fixed length control field 01589nam a2200265 a 4500
001 - CONTROL NUMBER
control field 755759
003 - CONTROL NUMBER IDENTIFIER
control field AM-YEHGA
005 - DATE AND TIME OF LATEST TRANSACTION
control field 20250618080108.0
008 - FIXED-LENGTH DATA ELEMENTS--GENERAL INFORMATION
fixed length control field 111206s2011 ai ||||gr|||||||||0|arm|d
020 ## - INTERNATIONAL STANDARD BOOK NUMBER
Canceled/invalid ISBN 978-99941-866-4-8
040 ## - CATALOGING SOURCE
Original cataloging agency AM-YeHGA
041 0# - LANGUAGE CODE
Language code of text/sound track or separate title arm
090 ## - LOCALLY ASSIGNED LC-TYPE CALL NUMBER (OCLC); LOCAL CALL NUMBER (RLIN)
-- 564263
245 00 - TITLE STATEMENT
Title Հումանիտար գիտությունների արդի հիմնախնդիրները :
Remainder of title Վահան Տերյանի ծննդյան 125-ամյակին և հումանիտար գիտությունների արդի հիմնախնդիրներին նվիրված գիտաժողովների նյութեր /
Statement of responsibility, etc. Խմբ. խորհ.՝ Բ. Մակիչյան և ուրիշ. ; Երևանի Հյուսիսային համալսարան.
246 15 - VARYING FORM OF TITLE
Title proper/short title Proceeding of the scientific conference devoted to the 125 th anniversary of V. Teryan and the topical problems of the humanities :
Remainder of title Devoted to the 15 th anniversary of Northern University
260 ## - PUBLICATION, DISTRIBUTION, ETC.
Place of publication, distribution, etc. Երևան :
Name of publisher, distributor, etc. Հյուսիսային համալսարանի հրատ.,
Date of publication, distribution, etc. 2011.
300 ## - PHYSICAL DESCRIPTION
Extent 208 էջ ;
Dimensions 21 սմ.
500 ## - GENERAL NOTE
General note Նվիրվում է Հյուսիսային համալսարանի 15-ամյա հոբելյանին
520 ## - SUMMARY, ETC.
Summary, etc. Ամփոփումը՝ ռուս., անգլ.
600 14 - SUBJECT ADDED ENTRY--PERSONAL NAME
Personal name Տերյան, Վահան Սուքիասի,
Dates associated with a name 1885-1920
9 (RLIN) 1686
650 14 - SUBJECT ADDED ENTRY--TOPICAL TERM
Topical term or geographic name entry element Հումանիտար գիտություններ
General subdivision Արդի հիմնախնդիրներ
Form subdivision Գիտաժողովի նյութեր
700 1# - ADDED ENTRY--PERSONAL NAME
Personal name Մակիչյան, Բ.
Relator term խմբ.
Relationship edt
710 2# - ADDED ENTRY--CORPORATE NAME
Corporate name or jurisdiction name as entry element Երևանի Հյուսիսային համալսարան
942 ## - ADDED ENTRY ELEMENTS (KOHA)
Source of classification or shelving scheme Universal Decimal Classification
Koha item type Գրքեր / Books
Holdings
Withdrawn status Lost status Source of classification or shelving scheme Damaged status Not for loan Collection Home library Current library Date acquired Total checkouts Full call number Barcode Date last seen Price effective from Koha item type Public note
    Universal Decimal Classification     General Fundamental Scientific Library Fundamental Scientific Library 16/12/2022   AII/109126 FL0677755 16/12/2022 16/12/2022 Գրքեր / Books 30 Days Loan


ՀՀ ԳԱԱ հիմնարար գիտական գրադարան
ՀՀ,Երևան 0019
Մարշալ Բաղրամյան 24/6
հեռախոս:(374-10) 52-47-50
Հետադարձ կապ

All site content, except where otherwise noted, is licensed under a
Creative Commons License